General Knowledge Word Chain #2 - Statistics

General Stats
  • This quiz has been taken 97 times
  • The average score is 14 of 20
Answer Stats
Hint Answer % Correct
the month when some men don't shave November
93%
capital of Ukraine Kiev
92%
number of lives a cat is said to have nine
88%
Japanese equivalent for pesos Yen
88%
the start of life birth
85%
big bird from Australia emu
83%
body part that protects lungs rib
83%
As in the dinosaurs and dodos Extinct
81%
raiders in longboats viking
79%
"All roads lead to..." Rome
77%
site of meteor impact crater
76%
e.g. major, colonel, brigadier rank
74%
Spanish for 'guten tag' hola
69%
Author that famously wrote about Middle-Earth Tolkien
67%
'old science' that turns lead into gold alchemy
65%
pop-singer of '7 rings' Grande
40%
South American ridge Andes
35%
country where 'Middle of the world city' is located Ecuador
33%
Japanese for 'Auf Wiedersehen' sayonara
32%
Academy where the fictional Hargreeves siblings trained umbrella
29%
No matching quizzes found
Score Distribution
Percent of People with Each Score
Percentile by Number Answered
Your Score History
You have not taken this quiz